Central Library || Chittagong University

Our space environment.// (Record no. 110292)

MARC details
000 -LEADER
fixed length control field 00436nam a22001697a 4500
003 - CONTROL NUMBER IDENTIFIER
control field BD-ChCU
005 - DATE AND TIME OF LATEST TRANSACTION
control field 20251209131335.0
008 - FIXED-LENGTH DATA ELEMENTS--GENERAL INFORMATION
fixed length control field 251209b bg ||||| |||| 00| 0 ben d
040 ## - CATALOGING SOURCE
Transcribing agency BD-ChCU
082 ## - DEWEY DECIMAL CLASSIFICATION NUMBER
Classification number 523.111 STO
100 ## - MAIN ENTRY--PERSONAL NAME
Personal name Stern, Phillip D.
9 (RLIN) 17832
245 ## - TITLE STATEMENT
Title Our space environment.//
Statement of responsibility, etc. Phillip D. Stern.
260 ## - PUBLICATION, DISTRIBUTION, ETC.
Place of publication, distribution, etc. New York
Name of publisher, distributor, etc. Holt.
Date of publication, distribution, etc. 1965
300 ## - PHYSICAL DESCRIPTION
Extent 160p
650 #0 - SUBJECT ADDED ENTRY--TOPICAL TERM
Topical term or geographic name entry element Space Science.
9 (RLIN) 17833
942 ## - ADDED ENTRY ELEMENTS (KOHA)
Source of classification or shelving scheme Dewey Decimal Classification
Koha item type Books
Suppress in OPAC No
Holdings
Withdrawn status Lost status Source of classification or shelving scheme Damaged status Not for loan Home library Current library Shelving location Date acquired Source of acquisition Total Checkouts Full call number Barcode Date last seen Copy number Price effective from Koha item type
    Dewey Decimal Classification     Chittagong University Library Chittagong University Library Science Reading Room 12/09/2025 Purchase   523.111 STO 19435 12/09/2025 C-1 12/09/2025 Books
    Dewey Decimal Classification     Chittagong University Library Chittagong University Library Science Reading Room 12/09/2025 Purchase   523.111 STO 19436 12/09/2025 C-2 12/09/2025 Books
    Dewey Decimal Classification     Chittagong University Library Chittagong University Library Science Reading Room 12/09/2025 Purchase   523.111 STO 19973 12/09/2025 C-3 12/09/2025 Books
    Dewey Decimal Classification     Chittagong University Library Chittagong University Library Science Reading Room 12/09/2025 Purchase   523.111 STO 19974 12/09/2025 C-4 12/09/2025 Books
© Copyright 2026. Chittagong University Library, Installation and Maintenance by Prof. Dr. Md. Alamgir, 01711306253